000 01444cam a2200337 a 4500
999 _c234933
_d234933
001 13154660
003 Nust
005 20170403134548.0
008 030409s2003 nyu j 000 1 eng
010 _a 2003049904
020 _a9780552562799
040 _aDLC
_cDLC
_dDLC
042 _alcac
050 0 0 _aPZ7.S92475
_bAm 2003
082 0 0 _a823
_bSTR
100 1 _aStroud, Jonathan.
245 1 4 _aThe Amulet of Samarkand /
_cJonathan Stroud.
250 _a1st ed.
260 _aNew York :
_bHyperion Books For Children,
_c2003.
300 _a479 p. ;
_c22 cm.
490 1 _aThe Bartimaeus trilogy ;
_vbk. 1
520 _aNathaniel, a magician's apprentice, summons up the djinni Bartimaeus and instructs him to steal the Amulet of Samarkand from the powerful magician Simon Lovelace.
650 1 _aMagic
_vFiction.
650 1 _aWizards
_vFiction.
650 1 _aApprentices
_vFiction.
650 1 _aGenies
_vFiction.
651 1 _aLondon (England)
_vFiction.
651 1 _aEngland
_vFiction.
800 1 _aStroud, Jonathan.
_tBartimaeus trilogy ;
_vbk. 1.
906 _a7
_bcbc
_corignew
_d1
_eocip
_f20
_gy-gencatlg
942 _2ddc
_cBK